<?xml version="1.0" encoding="UTF-8"?>
<collection xmlns="http://www.loc.gov/MARC21/slim">
 <record>
  <leader>02133nam a2200277 a 4500</leader>
  <controlfield tag="001">1/45841</controlfield>
  <controlfield tag="008">150519s2008    gr            000 0 gre  </controlfield>
  <datafield tag="020" ind1=" " ind2=" ">
   <subfield code="a">9789608964853 (set)</subfield>
  </datafield>
  <datafield tag="020" ind1=" " ind2=" ">
   <subfield code="a">9789608964846 (τ.1)</subfield>
  </datafield>
  <datafield tag="035" ind1=" " ind2=" ">
   <subfield code="l">48811</subfield>
  </datafield>
  <datafield tag="040" ind1=" " ind2=" ">
   <subfield code="a">GR-PeUP</subfield>
  </datafield>
  <datafield tag="082" ind1="0" ind2="0">
   <subfield code="a">657.48 ΑΛH</subfield>
  </datafield>
  <datafield tag="100" ind1="1" ind2=" ">
   <subfield code="a">Αληφαντής, Γεώργιος Στ.</subfield>
  </datafield>
  <datafield tag="245" ind1="1" ind2="0">
   <subfield code="a">Χρηματοοικονομική λογιστική /</subfield>
   <subfield code="c">Γεωργiου Στ. Αληφαντή.</subfield>
  </datafield>
  <datafield tag="250" ind1=" " ind2=" ">
   <subfield code="a">3η έκδοση επαυξημένη και βελτιωμένη με τα Διεθνή λογιστικά πρότυπα.</subfield>
  </datafield>
  <datafield tag="260" ind1=" " ind2=" ">
   <subfield code="a">Αθήνα :</subfield>
   <subfield code="b">Εκδόσεις Διπλογραφία,</subfield>
   <subfield code="c">2008.</subfield>
  </datafield>
  <datafield tag="300" ind1=" " ind2=" ">
   <subfield code="a">464 σ. :</subfield>
   <subfield code="b">πίν. ;</subfield>
   <subfield code="c">23 εκ.</subfield>
  </datafield>
  <datafield tag="500" ind1=" " ind2=" ">
   <subfield code="a">Η βιβλιοθήκη έχει τον 1ο τόμο.</subfield>
  </datafield>
  <datafield tag="505" ind1="0" ind2=" ">
   <subfield code="a">Τ.1. Οικονομικές καταστάσεις επιχειρήσεων· ισολογισμός-αποτελέσματα χρήσεως· απογραφή της περιουσίας· λογιστικό δίκαιο (Ε.Γ.Λ.Σ., Κ.Β.Σ., Φ.Π.Α.)· διπλογραφική μέθοδος· λογιστικά γεγονότα και βιβλία· λογιστικές συμφωνίες· διόρθωση λαθών· έλεγχος δικαιολογητικών· λογιστικές εγγραφές τέλους χρήσεως· κατάσταση ταμειακών ροών· κατάσταση μεταβολών καθαρής θέσης.</subfield>
  </datafield>
  <datafield tag="650" ind1=" " ind2="4">
   <subfield code="a">Χρηματοοικονομική λογιστική.</subfield>
  </datafield>
  <datafield tag="650" ind1=" " ind2="4">
   <subfield code="a">Financial accounting.</subfield>
  </datafield>
  <datafield tag="852" ind1=" " ind2=" ">
   <subfield code="a">INST</subfield>
   <subfield code="b">UNIPILB</subfield>
   <subfield code="c">EUDOXOS</subfield>
   <subfield code="e">20150519</subfield>
   <subfield code="h">657.48 ΑΛH</subfield>
   <subfield code="p">00173567</subfield>
   <subfield code="q">00173567</subfield>
   <subfield code="t">CLOCOL</subfield>
   <subfield code="y">0</subfield>
   <subfield code="4">4</subfield>
  </datafield>
  <datafield tag="852" ind1=" " ind2=" ">
   <subfield code="a">INST</subfield>
   <subfield code="b">UNIPILB</subfield>
   <subfield code="c">EUDOXOS</subfield>
   <subfield code="e">20150519</subfield>
   <subfield code="h">657.48 ΑΛH</subfield>
   <subfield code="p">00173568</subfield>
   <subfield code="q">00173568</subfield>
   <subfield code="t">CLOCOL</subfield>
   <subfield code="y">23</subfield>
   <subfield code="4">5</subfield>
  </datafield>
  <datafield tag="852" ind1=" " ind2=" ">
   <subfield code="a">INST</subfield>
   <subfield code="b">UNIPILB</subfield>
   <subfield code="c">EUDOXOS</subfield>
   <subfield code="e">20150519</subfield>
   <subfield code="h">657.48 ΑΛH</subfield>
   <subfield code="p">00173569</subfield>
   <subfield code="q">00173569</subfield>
   <subfield code="t">CLOCOL</subfield>
   <subfield code="y">0</subfield>
   <subfield code="4">2</subfield>
  </datafield>
  <datafield tag="852" ind1=" " ind2=" ">
   <subfield code="a">INST</subfield>
   <subfield code="b">UNIPILB</subfield>
   <subfield code="c">EUDOXOS</subfield>
   <subfield code="e">20150519</subfield>
   <subfield code="h">657.48 ΑΛH</subfield>
   <subfield code="p">00173570</subfield>
   <subfield code="q">00173570</subfield>
   <subfield code="t">CLOCOL</subfield>
   <subfield code="y">0</subfield>
   <subfield code="4">3</subfield>
  </datafield>
  <datafield tag="852" ind1=" " ind2=" ">
   <subfield code="a">INST</subfield>
   <subfield code="b">UNIPILB</subfield>
   <subfield code="c">EUDOXOS</subfield>
   <subfield code="e">20150519</subfield>
   <subfield code="h">657.48 ΑΛH</subfield>
   <subfield code="p">00173571</subfield>
   <subfield code="q">00173571</subfield>
   <subfield code="t">CLOCOL</subfield>
   <subfield code="y">0</subfield>
   <subfield code="4">1</subfield>
  </datafield>
 </record>
</collection>
